000 00589nam a2200193 a 4500
005 20180803165140.0
008 140313t2001 ck ||||gr|||| 00| 0 spa d
040 _aCO-BoIAVH
_cCO-BoIAVH
041 _aspa
044 _ack
082 4 _a622.334
_bP69p
245 1 _aPlan de manejo ambiental
_bguía minas subterraneas de carbón
260 _aBogotá
_bCAR
_bGobernación de Cundinamarca
_bCINSET
_c2001
300 _a56 paginas.
_bilustraciones.;
_c30 x 22 cm.
650 4 _aImpacto ambiental
_992215
650 4 _aminas subterraneas
_953027
942 _cLIBRO
_2ddc
945 _d2004-08-12
999 _c4041
_d4041